| 000 | 00604nas a2200217 4500 | ||
|---|---|---|---|
| 001 | BR4600181 | ||
| 003 | BR-BrBNA | ||
| 005 | 20231205081847.0 | ||
| 007 | ta | ||
| 008 | 230509b bl.|||p| |||| 00| 00por d | ||
| 040 |
_aBR-BrBNA _bpor _cBiblioteca Nacional de Agricultura |
||
| 041 | _a(Pt) | ||
| 072 | _aF00 | ||
| 100 | 1 | _aMello, D.A. | |
| 245 | 1 | _aCultura da batata doce | |
| 650 | _aBATATA DOCE | ||
| 650 | _aPRATICA CULTURAL | ||
| 773 | 0 |
_tRevista Ceres (Brazil) _xISSN 0034-737X _g(Jul-Aug 1946), v. 7(37) p. 54-60 _wBR4600181 |
|
| 909 |
_a202311 _bLúcia _c55 _dLúcia Elande |
||
| 942 |
_2AGRIS _n0 _cANA |
||
| 999 |
_c87392 _d87392 |
||